A-Z: Animals with bizarre names - Statistics

General Stats
  • This quiz has been taken 3 times
  • The average score is 18 of 26
Answer Stats
Type Clue Animal % Correct
A Fish A short form of a rude insult, with the second word, meaning a void or woodpecker's nesting site, repeated Aholehole
100%
B Bird Naked, looked to clear off flying creature Bare-faced go-away bird
100%
D Fish Doubtful African river lost nothing, and gained East River Dubious conger
100%
E Fish Rubbery, stretchy, Southern general returned Elastic eel
100%
F Invertebrate Breakfast food, gelatine dessert and main course Fried egg jellyfish
100%
J Feline United Nations and Diana turn one cat into another Jaguarundi
100%
K Insect Girl, a short form of Catherine, acted Katydid
100%
M Fish Other type of E, like a cobra, with upper lip hair Mustachioed snake eel
100%
O Beetle Ancient home hole-driller Old house borer
100%
P Bird Mystifying: clean tiny British bird with vigorous wipes
Perplexing Scrubwren
67%
H Parasitic wasp Laughter and bromine combine with onyx and British queen's butt duct Habronyx victorianus
67%
I Invertebrate Dessert shape; nothing replaces a warm ending Ice cream cone worm
67%
L Invertebrate Single sun, as seen in Texas, to write v-shape symbol in a box Lone star tick
67%
N Seabird Trap of Peruvian lines Nazca booby
67%
R African bird Cuisine named after French words for ribbon and a colour; the sides of the bird's face are a colour too, a warmer one Red-cheeked cordon-bleu
67%
T Rodent Fast species of a Shakespearean animal Turbo shrew
67%
U Rodent Surprising plant, used to make clothing, and mixed-up art Unexpected cotton rat
67%
V Invertebrate Acetic acid, double oxygen, and nitrogen Vinegaroon
67%
X Bird Greek letter and weird gun, the Devil's blade, William Xingu scythebill
67%
Y Woodpecker Cowardly-sounding bird with a sun-coloured underside, which drinks resin out of a tree Yellow bellied sapsucker
67%
Z Bird Scarlet chessman from a Tanzanian isle Zanzibar red bishop
67%
Q Dinosaur Almost go by bike (nothing replaces energy) to a reptilian ending Quasicyclotosaurus
33%
S Reptile Devilish Nissan followed lizard Satanic leaf tailed gecko
33%
W Bird Foreign prefix, a postscript to Arkansas, is light-coloured on the back of the neck White-naped xenopsaris
33%
C Reptile Cowardly, turn and hide one's face instead of fighting Chicken turtle
0%
G Parasitic worm Huge, spiky like brambles, led invertebrate of pigs Giant thorny-headed worm of swine
0%
No matching quizzes found
Score Distribution
Percent of People with Each Score
Percentile by Number Answered
Your Score History
You have not taken this quiz